[Event "Zonal Absoluto 2.4 Brasil 2007"]
[Site "Sao Paulo BRA"]
[Date "2007.06.16"]
[Round "1.1"]
[White "Sunye Neto, Jaime"]
[Black "Matsuura, Everaldo"]
[Result "1/2-1/2"]
[WhiteElo "2446"]
[BlackElo "2502"]
[PlyCount "63"]
[EventDate "2007.06.16"]
[EventType "tourn"]
[EventRounds "9"]
[EventCountry "BRA"]
[Source "lmi"]
[SourceDate "2007.06.16"]

1. c4 e5 2. g3 Nf6 3. Bg2 d5 4. cxd5 Nxd5 5. Nc3 Nb6 6. Nf3 Nc6 7. O-O Be7 8.
a3 O-O 9. d3 Be6 10. Be3 f6 11. d4 exd4 12. Nxd4 Nxd4 13. Bxd4 c6 14. b4 Qc7
15. Qc2 Nc4 16. Ne4 b6 17. Rfc1 a5 18. bxa5 Rxa5 19. a4 Rd8 20. e3 c5 21. Bc3
Ra7 22. Bf1 Ne5 23. Bxe5 Qxe5 24. Bc4 Bxc4 25. Qxc4+ Qd5 26. Nd2 Kf8 27. Qxd5
Rxd5 28. Nc4 Bd8 29. Rcb1 Ra6 30. Rb3 h5 31. h4 Ke7 32. Kf1 1/2-1/2

[Event "Zonal Absoluto 2.4 Brasil 2007"]
[Site "Sao Paulo BRA"]
[Date "2007.06.16"]
[Round "1.3"]
[White "Milos, Gilberto"]
[Black "Vescovi, Giovanni"]
[Result "1/2-1/2"]
[WhiteElo "2579"]
[BlackElo "2609"]
[PlyCount "46"]
[EventDate "2007.06.16"]
[EventType "tourn"]
[EventRounds "9"]
[EventCountry "BRA"]
[Source "lmi"]
[SourceDate "2007.06.16"]

1. d4 Nf6 2. Nf3 e6 3. c4 b6 4. g3 Ba6 5. Nbd2 Bb4 6. Qc2 O-O 7. Bg2 c5 8. dxc5
Bxc5 9. O-O d5 10. cxd5 Nxd5 11. Ne4 Nd7 12. Nxc5 Nxc5 13. Ng5 g6 14. Qd2 Qf6
15. Ne4 Nxe4 16. Bxe4 Rac8 17. Bf3 Qe5 18. Rd1 Rfd8 19. Qg5 Qxg5 20. Bxg5 f6
21. Bxd5 Rxd5 22. Rxd5 exd5 23. Bxf6 Bxe2 1/2-1/2

[Event "Zonal Absoluto 2.4 Brasil 2007"]
[Site "Sao Paulo BRA"]
[Date "2007.06.17"]
[Round "2.4"]
[White "Nina, Miguel Angel"]
[Black "Milos, Gilberto"]
[Result "0-1"]
[WhiteElo "2312"]
[BlackElo "2579"]
[PlyCount "48"]
[EventDate "2007.06.16"]
[EventType "tourn"]
[EventRounds "9"]
[EventCountry "BRA"]
[Source "lmi"]
[SourceDate "2007.06.16"]

1. d4 Nf6 2. Nf3 g6 3. g3 Bg7 4. Bg2 O-O 5. O-O d5 6. c4 dxc4 7. Nbd2 Be6 8. e4
c6 9. Qe2 b5 10. a4 Qb6 11. h3 Na6 12. Ng5 Nc7 13. axb5 cxb5 14. Ndf3 Bc8 15.
h4 h6 16. Nh3 Bg4 17. d5 Nd7 18. Be3 Qf6 19. Bf4 Rfc8 20. Rab1 e5 21. Bd2 Bf8
22. Qe3 Bc5 23. Qxh6 Bxf3 24. Bxf3 Qxf3 0-1

[Event "Zonal Absoluto 2.4 Brasil 2007"]
[Site "Sao Paulo BRA"]
[Date "2007.06.17"]
[Round "2.5"]
[White "Sunye Neto, Jaime"]
[Black "Fier, Alexandr"]
[Result "1/2-1/2"]
[WhiteElo "2446"]
[BlackElo "2499"]
[PlyCount "43"]
[EventDate "2007.06.16"]
[EventType "tourn"]
[EventRounds "9"]
[EventCountry "BRA"]
[Source "lmi"]
[SourceDate "2007.06.16"]

1. c4 Nf6 2. Nf3 e6 3. g3 d5 4. Bg2 dxc4 5. Qa4+ c6 6. Qxc4 b5 7. Qc2 Bb7 8. a4
a6 9. d4 Nbd7 10. O-O Rc8 11. Bg5 c5 12. axb5 axb5 13. dxc5 Rxc5 14. Qb3 Bd5
15. Qd1 b4 16. Nbd2 Be7 17. e4 Nxe4 18. Bxe7 Qxe7 19. Nxe4 Bxe4 20. Qd4 Nf6 21.
Rfe1 Bd5 22. Qxb4 1/2-1/2

[Event "Zonal Absoluto 2.4 Brasil 2007"]
[Site "Sao Paulo BRA"]
[Date "2007.06.17"]
[Round "3.1"]
[White "Fier, Alexandr"]
[Black "Matsuura, Everaldo"]
[Result "0-1"]
[WhiteElo "2499"]
[BlackElo "2502"]
[PlyCount "98"]
[EventDate "2007.06.16"]
[EventType "tourn"]
[EventRounds "9"]
[EventCountry "BRA"]
[Source "lmi"]
[SourceDate "2007.06.16"]

1. c4 Nf6 2. Nc3 d5 3. d4 dxc4 4. e4 e5 5. d5 Bc5 6. Bxc4 Ng4 7. Nh3 h6 8. Qe2
O-O 9. Bd2 c6 10. O-O-O cxd5 11. Nxd5 Nc6 12. f3 Nd4 13. Qd3 Nf6 14. Bc3 b5 15.
Bxb5 Nxd5 16. exd5 Bf5 17. Qf1 Nxb5 18. Qxb5 Be3+ 19. Rd2 Bxd2+ 20. Kxd2 Rb8
21. Qc5 Rc8 22. Qxa7 Qxd5+ 23. Ke2 e4 24. Nf4 exf3+ 25. Kf2 Qe4 26. Qe3 fxg2
27. Nxg2 Qc2+ 28. Kg3 Rc4 29. h3 Re4 30. Qf3 Bg6 31. Rd1 Rfe8 32. Rd2 Qb1 33.
b4 R4e6 34. Rf2 Qc1 35. Kh2 Rc8 36. Bd2 Qc7+ 37. Bf4 Qc4 38. Bd2 Ra6 39. a3 Be4
40. Qh5 Rxa3 41. Ne3 Qe6 42. Ng4 Ra1 43. Qb5 Rh1+ 44. Kg3 Qd6+ 45. Qe5 Qd3+ 46.
Be3 Rg1+ 47. Kh2 Rxg4 48. Bxh6 Rg6 49. Bg5 Qd6 0-1

[Event "Zonal Absoluto 2.4 Brasil 2007"]
[Site "Sao Paulo BRA"]
[Date "2007.06.17"]
[Round "3.2"]
[White "Milos, Gilberto"]
[Black "Sunye Neto, Jaime"]
[Result "1-0"]
[WhiteElo "2579"]
[BlackElo "2486"]
[PlyCount "47"]
[EventDate "2007.06.16"]
[EventType "tourn"]
[EventRounds "9"]
[EventCountry "BRA"]
[Source "lmi"]
[SourceDate "2007.06.16"]

1. d4 Nf6 2. c4 e6 3. Nf3 b6 4. g3 Ba6 5. Nbd2 Bb4 6. Qc2 c5 7. Bg2 Nc6 8. dxc5
Bxc5 9. O-O O-O 10. a3 Bb7 11. b4 Be7 12. Bb2 Rc8 13. Rad1 d5 14. Qb1 a5 15.
cxd5 Nxd5 16. e4 Nf6 17. Nc4 Qc7 18. e5 Nd5 19. b5 Nb8 20. Nd6 Bxd6 21. exd6
Qxd6 22. Ng5 f5 23. Rfe1 Rfe8 24. Rxe6 1-0

[Event "Zonal Absoluto 2.4 Brasil 2007"]
[Site "Sao Paulo BRA"]
[Date "2007.06.17"]
[Round "3.3"]
[White "Leitao, Rafael"]
[Black "Nina, Miguel Angel"]
[Result "1-0"]
[WhiteElo "2603"]
[BlackElo "2312"]
[PlyCount "97"]
[EventDate "2007.06.16"]
[EventType "tourn"]
[EventRounds "9"]
[EventCountry "BRA"]
[Source "lmi"]
[SourceDate "2007.06.16"]

1. d4 d5 2. c4 e6 3. Nc3 Nf6 4. cxd5 exd5 5. Bg5 Be7 6. e3 O-O 7. Bd3 Nbd7 8.
Nge2 Re8 9. Qc2 Nf8 10. O-O c6 11. f3 g6 12. Rad1 Nh5 13. Bxe7 Rxe7 14. e4 Be6
15. Qd2 Re8 16. e5 f5 17. b4 a6 18. Na4 Nd7 19. Nc5 Nxc5 20. bxc5 Qc7 21. Rb1
Re7 22. Rb6 Rf8 23. Nc1 Bc8 24. Nb3 Ng7 25. Na5 Ne6 26. Bxa6 bxa6 27. Rxc6 Qd7
28. Rb1 g5 29. Rd6 Qa4 30. Rxd5 f4 31. Rd6 g4 32. Nc6 Rg7 33. Rb4 Qa3 34. Rb3
Qa4 35. fxg4 Ng5 36. Rb4 Qa3 37. Rb3 Qa4 38. Rf6 Re8 39. Rb4 Qa3 40. Rb3 Qa4
41. Rb4 Qa3 42. Rxf4 Bb7 43. Rb3 Qa4 44. d5 Ne4 45. Qc2 Bxc6 46. Rxe4 Qa5 47.
dxc6 Rd8 48. h3 Kh8 49. e6 1-0

[Event "Zonal Absoluto 2.4 Brasil 2007"]
[Site "Sao Paulo BRA"]
[Date "2007.06.18"]
[Round "4.1"]
[White "Matsuura, Everaldo"]
[Black "Zambrana, Oswaldo"]
[Result "1-0"]
[WhiteElo "2502"]
[BlackElo "2512"]
[PlyCount "65"]
[EventDate "2007.06.16"]
[EventType "tourn"]
[EventRounds "9"]
[EventCountry "BRA"]
[Source "lmi"]
[SourceDate "2007.06.16"]

1. e4 c5 2. Nf3 d6 3. d4 cxd4 4. Nxd4 Nf6 5. Nc3 a6 6. Be3 e6 7. Be2 b5 8. Bf3
e5 9. Nf5 g6 10. g4 Bb7 11. Ng3 Nc6 12. g5 Nd7 13. Bg4 Nb6 14. Bxb6 Qxb6 15.
Nd5 Qa5+ 16. c3 Bg7 17. h4 h6 18. h5 Qd8 19. hxg6 fxg6 20. Nh5 O-O 21. Be6+ Kh7
22. Nhf6+ Bxf6 23. gxf6 Rxf6 24. Nxf6+ Qxf6 25. Qxd6 Qf4 26. Bd5 Rd8 27. Qc7+
Kh8 28. Bxc6 Qd2+ 29. Kf1 Rf8 30. Qxe5+ Kh7 31. Qc7+ Kh8 32. Rh2 Qxb2 33. Rxh6+
1-0

[Event "Zonal Absoluto 2.4 Brasil 2007"]
[Site "Sao Paulo BRA"]
[Date "2007.06.18"]
[Round "4.3"]
[White "Sunye Neto, Jaime"]
[Black "Leitao, Rafael"]
[Result "1/2-1/2"]
[WhiteElo "2486"]
[BlackElo "2603"]
[PlyCount "58"]
[EventDate "2007.06.16"]
[EventType "tourn"]
[EventRounds "9"]
[EventCountry "BRA"]
[Source "lmi"]
[SourceDate "2007.06.16"]

1. c4 Nf6 2. Nc3 e5 3. Nf3 Nc6 4. d4 exd4 5. Nxd4 Bb4 6. Bg5 h6 7. Bh4 O-O 8.
e3 Ne5 9. Rc1 Ng6 10. Bg3 Ne4 11. Bd3 Bxc3+ 12. bxc3 Nxg3 13. hxg3 Ne5 14. Bb1
d6 15. Rh4 Bd7 16. f4 Nc6 17. Kf2 f5 18. Qd3 Qf6 19. Rh5 Ne7 20. g4 fxg4 21.
Rch1 Kf7 22. c5 d5 23. c4 dxc4 24. Qxc4+ Be6 25. Qd3 Rad8 26. Re5 Nc6 27. Rxe6
Qxe6 28. Nxe6 Rxd3 29. Bxd3 Kxe6 1/2-1/2

[Event "Zonal Absoluto 2.4 Brasil 2007"]
[Site "Sao Paulo BRA"]
[Date "2007.06.18"]
[Round "4.4"]
[White "Fier, Alexandr"]
[Black "Milos, Gilberto"]
[Result "1/2-1/2"]
[WhiteElo "2499"]
[BlackElo "2579"]
[PlyCount "43"]
[EventDate "2007.06.16"]
[EventType "tourn"]
[EventRounds "9"]
[EventCountry "BRA"]
[Source "lmi"]
[SourceDate "2007.06.16"]

1. e4 e5 2. Nf3 Nc6 3. Bb5 a6 4. Ba4 Nf6 5. O-O Be7 6. Re1 b5 7. Bb3 O-O 8. c3
d5 9. exd5 Nxd5 10. Nxe5 Nxe5 11. Rxe5 c6 12. d4 Bd6 13. Re1 Qh4 14. g3 Qh3 15.
Be3 Bg4 16. Qd3 Rae8 17. Nd2 f5 18. f4 Kh8 19. Bxd5 cxd5 20. a4 bxa4 21. Qxa6
Rxe3 22. Qxd6 1/2-1/2

[Event "Zonal Absoluto 2.4 Brasil 2007"]
[Site "Sao Paulo BRA"]
[Date "2007.06.19"]
[Round "5.1"]
[White "Milos, Gilberto"]
[Black "Matsuura, Everaldo"]
[Result "1-0"]
[WhiteElo "2579"]
[BlackElo "2502"]
[PlyCount "119"]
[EventDate "2007.06.16"]
[EventType "tourn"]
[EventRounds "9"]
[EventCountry "BRA"]
[Source "lmi"]
[SourceDate "2007.06.16"]

1. d4 d5 2. c4 c6 3. Nf3 Nf6 4. Nc3 e6 5. cxd5 exd5 6. Bg5 Be7 7. Qc2 g6 8. e3
Bf5 9. Bd3 Bxd3 10. Qxd3 Nbd7 11. Bh6 Bf8 12. Bxf8 Nxf8 13. O-O N8d7 14. b4 a6
15. a4 O-O 16. Rfc1 Qe7 17. b5 axb5 18. axb5 c5 19. dxc5 Rxa1 20. Rxa1 Qxc5 21.
Ne2 Nb6 22. Qb1 Ne4 23. Nfd4 Ra8 24. h3 Nd6 25. g4 Ra3 26. Rxa3 Qxa3 27. Nf4
Qc3 28. Kg2 Qd2 29. Nf3 Qa5 30. Qb2 Qxb5 31. Qf6 Qd7 32. Nd4 Qc7 33. Qe5 Qd8
34. Nxd5 Nxd5 35. Qxd5 Qe7 36. f3 b5 37. e4 b4 38. Qc5 Qd8 39. Qxb4 Qf6 40. Ne2
g5 41. Ng3 h6 42. Nf1 Qf4 43. Qd4 f6 44. Ne3 Qe5 45. Qxe5 fxe5 46. Kf2 Kh7 47.
Ke2 Kg6 48. Kd3 h5 49. Nf5 Ne8 50. gxh5+ Kxh5 51. Kc4 Kg6 52. Kc5 Kf6 53. Kc6
Ke6 54. Ne3 Nd6 55. Kc5 Nb7+ 56. Kb6 Nd6 57. Kc6 Ne8 58. Nd5 Ng7 59. Nc7+ Kf6
60. Kd6 1-0

[Event "Zonal Absoluto 2.4 Brasil 2007"]
[Site "Sao Paulo BRA"]
[Date "2007.06.19"]
[Round "5.2"]
[White "Leitao, Rafael"]
[Black "Fier, Alexandr"]
[Result "1-0"]
[WhiteElo "2603"]
[BlackElo "2499"]
[PlyCount "77"]
[EventDate "2007.06.16"]
[EventType "tourn"]
[EventRounds "9"]
[EventCountry "BRA"]
[Source "lmi"]
[SourceDate "2007.06.16"]

1. d4 Nf6 2. c4 e6 3. Nf3 b6 4. g3 Ba6 5. Nbd2 Bb7 6. Bg2 Be7 7. O-O O-O 8. b3
c5 9. Bb2 cxd4 10. Nxd4 Bxg2 11. Kxg2 Qc8 12. e4 Nc6 13. Nxc6 Qxc6 14. Qf3 d6
15. e5 Qxf3+ 16. Nxf3 dxe5 17. Nxe5 Rac8 18. Rfd1 Rfd8 19. Rxd8+ Bxd8 20. b4
Ne4 21. Rd1 f6 22. Rd4 Ng5 23. Nc6 Rxc6 24. Rxd8+ Kf7 25. h4 Ne4 26. Rd4 Nd6
27. b5 e5 28. Rd1 Rxc4 29. Rxd6 Rc2 30. Ba3 Rxa2 31. Rd7+ Kg6 32. Bf8 Kf5 33.
Bxg7 Kg6 34. h5+ Kg5 35. Rd6 e4 36. Bxf6+ Kxh5 37. Bd4 Ra4 38. Be3 Kg4 39. Rd4
1-0

[Event "Zonal Absoluto 2.4 Brasil 2007"]
[Site "Sao Paulo BRA"]
[Date "2007.06.19"]
[Round "5.4"]
[White "Zambrana, Oswaldo"]
[Black "Vescovi, Giovanni"]
[Result "1/2-1/2"]
[WhiteElo "2512"]
[BlackElo "2609"]
[PlyCount "138"]
[EventDate "2007.06.16"]
[EventType "tourn"]
[EventRounds "9"]
[EventCountry "BRA"]
[Source "lmi"]
[SourceDate "2007.06.16"]

1. e4 c5 2. Nf3 e6 3. d4 cxd4 4. Nxd4 Qb6 5. Nc3 Bc5 6. Na4 Qa5+ 7. c3 Bxd4 8.
Qxd4 Nf6 9. Nc5 Qc7 10. Bg5 b6 11. Nb3 Bb7 12. Rd1 Nc6 13. Qe3 Ne5 14. f3 h6
15. Bxf6 gxf6 16. f4 Ng6 17. g3 h5 18. Bg2 h4 19. Kf2 O-O-O 20. c4 Kb8 21. c5
d6 22. cxb6 Qxb6 23. Qxb6 axb6 24. Nd4 Ne7 25. Rhe1 hxg3+ 26. hxg3 f5 27. exf5
Rh2 28. Rg1 Nxf5 29. Nxf5 exf5 30. Rd2 Be4 31. Ke3 d5 32. Bxe4 Rxd2 33. Kxd2
dxe4+ 34. Ke3 Rd3+ 35. Ke2 Kc7 36. Rh1 Kd6 37. Rh5 Ke6 38. g4 fxg4 39. Re5+ Kf6
40. Rxe4 Rh3 41. Rb4 Kf5 42. a4 Rh6 43. Kf2 Re6 44. Kg3 Re3+ 45. Kg2 Re2+ 46.
Kg3 Re3+ 47. Kg2 Re4 48. Rxb6 Rxa4 49. Kg3 Ra5 50. Rh6 Ra8 51. Rh5+ Kf6 52. b4
Rd8 53. Kxg4 Rd3 54. Rh6+ Kg7 55. Rb6 Rd5 56. Rc6 Rb5 57. Rc4 Kf6 58. Kf3 Ke6
59. Ke4 Kd6 60. Rd4+ Kc6 61. f5 f6 62. Kf4 Rb8 63. Re4 Kd5 64. Ke3 Rh8 65. Re6
Rh3+ 66. Kf2 Rb3 67. Rxf6 Rxb4 68. Kg3 Ke5 69. Rf8 Ra4 1/2-1/2

[Event "Zonal Absoluto 2.4 Brasil 2007"]
[Site "Sao Paulo BRA"]
[Date "2007.06.19"]
[Round "6.1"]
[White "Matsuura, Everaldo"]
[Black "Vescovi, Giovanni"]
[Result "1/2-1/2"]
[WhiteElo "2502"]
[BlackElo "2609"]
[PlyCount "92"]
[EventDate "2007.06.16"]
[EventType "tourn"]
[EventRounds "9"]
[EventCountry "BRA"]
[Source "lmi"]
[SourceDate "2007.06.16"]

1. e4 e5 2. Nf3 Nc6 3. Bb5 a6 4. Ba4 Nf6 5. O-O Be7 6. Re1 b5 7. Bb3 O-O 8. d3
d6 9. c3 h6 10. Nbd2 Re8 11. Nf1 Bf8 12. Ne3 Na5 13. Bc2 c5 14. a3 Nc6 15. b4
a5 16. bxc5 dxc5 17. c4 Ba6 18. cxb5 Bxb5 19. Nc4 Bxc4 20. dxc4 Nd4 21. Bb2 Re6
22. Bd3 Nd7 23. Nd2 Be7 24. Nb1 Rb6 25. Ra2 Rab8 26. Ba1 Nf8 27. Nc3 Nfe6 28.
Nd5 Rb3 29. Bc2 Nxc2 30. Rxc2 Bd6 31. Rc3 a4 32. Rg3 Nd4 33. Bc3 Bf8 34. h3 Qd6
35. Qg4 Rxa3 36. Qh4 Kh8 37. Ba5 Rxg3 38. Qxg3 Qa6 39. Bc3 Rb1 40. Qxe5 Ne2+
41. Kh1 Nxc3 42. Rxb1 Nxb1 43. Qb8 Kh7 44. Qxf8 Qe6 45. Ne7 f6 46. Qe8 a3
1/2-1/2

[Event "Zonal Absoluto 2.4 Brasil 2007"]
[Site "Sao Paulo BRA"]
[Date "2007.06.19"]
[Round "6.2"]
[White "Nina, Miguel Angel"]
[Black "Zambrana, Oswaldo"]
[Result "1/2-1/2"]
[WhiteElo "2312"]
[BlackElo "2512"]
[PlyCount "100"]
[EventDate "2007.06.16"]
[EventType "tourn"]
[EventRounds "9"]
[EventCountry "BRA"]
[Source "lmi"]
[SourceDate "2007.06.16"]

1. d4 d5 2. Nf3 Nf6 3. g3 g6 4. Bg2 Bg7 5. b3 O-O 6. O-O Ne4 7. Bb2 c6 8. c4
Bf5 9. e3 Na6 10. Qe2 Rc8 11. Rd1 Qa5 12. Nfd2 Nxd2 13. Nxd2 Rfd8 14. e4 dxe4
15. Nxe4 Rd7 16. Bc3 Qb6 17. Qe1 Qd8 18. Qe3 e5 19. d5 cxd5 20. Rxd5 Rxd5 21.
cxd5 Nc7 22. Rd1 Nb5 23. Ba1 Nd4 24. Bxd4 exd4 25. Qf4 Rc7 26. g4 Bxe4 27. Bxe4
Re7 28. Bf3 Be5 29. Qd2 Qd6 30. h3 Kg7 31. Kg2 Qf6 32. Qd3 Rc7 33. Qe4 Rc3 34.
Be2 Rc7 35. Bf3 Qd6 36. Rh1 Bf6 37. Rd1 Re7 38. Qd3 Qa3 39. Qd2 h6 40. Rh1 Rc7
41. h4 Qe7 42. h5 Qe5 43. hxg6 Bg5 44. Qe2 Qxe2 45. Bxe2 Rc2 46. Kf3 fxg6 47.
Rd1 Bd2 48. a4 Kf6 49. Bd3 Rb2 50. Rb1 Rxb1 1/2-1/2

[Event "Zonal Absoluto 2.4 Brasil 2007"]
[Site "Sao Paulo BRA"]
[Date "2007.06.19"]
[Round "6.4"]
[White "Milos, Gilberto"]
[Black "Leitao, Rafael"]
[Result "1/2-1/2"]
[WhiteElo "2579"]
[BlackElo "2603"]
[PlyCount "27"]
[EventDate "2007.06.16"]
[EventType "tourn"]
[EventRounds "9"]
[EventCountry "BRA"]
[Source "lmi"]
[SourceDate "2007.06.16"]

1. d4 d5 2. c4 c6 3. Nc3 Nf6 4. Nf3 e6 5. cxd5 exd5 6. Bg5 Be7 7. Qc2 g6 8. e3
Bf5 9. Bd3 Bxd3 10. Qxd3 Nbd7 11. Bh6 Ng4 12. Bf4 Ngf6 13. Bh6 Ng4 14. Bf4
1/2-1/2

[Event "Zonal Absoluto 2.4 Brasil 2007"]
[Site "Sao Paulo BRA"]
[Date "2007.06.21"]
[Round "8.1"]
[White "Matsuura, Everaldo"]
[Black "Nina, Miguel Angel"]
[Result "1/2-1/2"]
[WhiteElo "2502"]
[BlackElo "2312"]
[PlyCount "119"]
[EventDate "2007.06.16"]
[EventType "tourn"]
[EventRounds "9"]
[EventCountry "BRA"]
[Source "lmi"]
[SourceDate "2007.06.16"]

1. e4 e6 2. d4 d5 3. Nc3 dxe4 4. Nxe4 Nd7 5. Bd3 Ngf6 6. Qe2 c5 7. Nxf6+ Nxf6
8. dxc5 Bxc5 9. Bd2 Qb6 10. Nf3 Qxb2 11. O-O Qb6 12. Bc3 a6 13. Qe5 Be7 14. Qg3
Qc5 15. Bd4 Qh5 16. h3 O-O 17. Rfe1 Qa5 18. Qh4 h6 19. Ne5 Rd8 20. c3 Qc7 21.
Re3 Nd5 22. Qh5 Bg5 23. Rf3 Nf6 24. Rxf6 Bxf6 25. Nxf7 Rxd4 26. Nxh6+ Kf8 27.
cxd4 gxh6 28. Qxh6+ Qg7 29. Qf4 Bd7 30. Be4 Bb5 31. Rc1 Qg5 32. Qc7 Bc6 33. Re1
Qg7 34. Qd6+ Qe7 35. Qf4 Rd8 36. Bxc6 bxc6 37. Re4 Rd5 38. Qb8+ Kf7 39. Rg4 Rg5
40. Rf4 e5 41. Re4 Qd7 42. dxe5 Qxh3 43. e6+ Kg7 44. Qc7+ Kh6 45. g3 Rh5 46.
Qf4+ Kg7 47. Qf3 Qh2+ 48. Kf1 Qh1+ 49. Qxh1 Rxh1+ 50. Ke2 Rh8 51. Rg4+ Kh6 52.
Rc4 Rc8 53. Kf3 c5 54. Ke4 Kg5 55. f4+ Kg4 56. Kd5 Kxg3 57. f5 Kf3 58. Rxc5
Rxc5+ 59. Kxc5 Ke4 60. Kb6 1/2-1/2

[Event "Zonal Absoluto 2.4 Brasil 2007"]
[Site "Sao Paulo BRA"]
[Date "2007.06.22"]
[Round "9.2"]
[White "Zambrana, Oswaldo"]
[Black "Milos, Gilberto"]
[Result "1/2-1/2"]
[WhiteElo "2512"]
[BlackElo "2579"]
[PlyCount "26"]
[EventDate "2007.06.16"]
[EventType "tourn"]
[EventRounds "9"]
[EventCountry "BRA"]
[Source "lmi"]
[SourceDate "2007.06.16"]

1. e4 e5 2. Nf3 Nc6 3. Bb5 a6 4. Ba4 Nf6 5. O-O Be7 6. d3 b5 7. Bb3 d6 8. a4
Rb8 9. axb5 axb5 10. Nc3 O-O 11. Nd5 Nxd5 12. exd5 Nd4 13. Nxd4 exd4 1/2-1/2

[Event "Zonal Absoluto 2.4 Brasil 2007"]
[Site "Sao Paulo BRA"]
[Date "2007.06.22"]
[Round "9.3"]
[White "Vescovi, Giovanni"]
[Black "Fier, Alexandr"]
[Result "1-0"]
[WhiteElo "2609"]
[BlackElo "2499"]
[PlyCount "153"]
[EventDate "2007.06.16"]
[EventType "tourn"]
[EventRounds "9"]
[EventCountry "BRA"]
[Source "lmi"]
[SourceDate "2007.06.16"]

1. d4 Nf6 2. c4 e6 3. Nf3 b6 4. g3 Ba6 5. Qc2 Bb4+ 6. Bd2 Be7 7. e4 d5 8. cxd5
Bxf1 9. Kxf1 exd5 10. e5 Ne4 11. Nc3 Nxc3 12. bxc3 Qd7 13. Kg2 Nc6 14. c4 Rd8
15. Rhd1 O-O 16. Rac1 dxc4 17. Qxc4 Nxd4 18. Be3 c5 19. Bxd4 cxd4 20. Rxd4 Qe8
21. Rcd1 Rxd4 22. Qxd4 Bc5 23. Qe4 h6 24. Nh4 Qe6 25. Rd2 Re8 26. f4 f6 27. Rd5
Qc6 28. Nf3 f5 29. Qd3 Qa4 30. Qxf5 Qxa2+ 31. Rd2 Qf7 32. Qe4 b5 33. Qc6 Bb4
34. Rb2 a5 35. Qxb5 Rc8 36. Nd4 Rc5 37. Qb8+ Kh7 38. Qa8 Qg6 39. e6 Qd3 40. e7
Rc1 41. Re2 Bxe7 42. Qxa5 Bc5 43. Qd2 Qc4 44. Nf3 Bb4 45. Qb2 Bc3 46. Qa2 Qd3
47. Qe6 Rc2 48. Rxc2 Qxc2+ 49. Kh3 Qd3 50. Nh4 Qf1+ 51. Ng2 Bf6 52. Qf5+ Kh8
53. Qe4 Kg8 54. g4 Kh8 55. Kg3 Qc1 56. h4 Qc3+ 57. Kh2 Qc7 58. Qf5 Qb8 59. g5
Bd4 60. Qe6 Qf8 61. Kg3 Qg8 62. Qe4 Bc5 63. Kg4 Qc8+ 64. Kh5 Qd8 65. f5 Qd1+
66. Kg6 Qd6+ 67. f6 Qf8 68. Qe5 gxf6 69. Qxf6+ Kg8 70. Qe6+ Kh8 71. Qf6+ Kg8
72. Qxf8+ Bxf8 73. gxh6 Bg7 74. Ne3 Bb2 75. Nf5 Kf8 76. h7 Be5 77. Nh6 1-0

[Event "Zonal Absoluto 2.4 Brasil 2007"]
[Site "Sao Paulo BRA"]
[Date "2007.06.22"]
[Round "9.4"]
[White "Nina, Miguel Angel"]
[Black "Sunye Neto, Jaime"]
[Result "1/2-1/2"]
[WhiteElo "2312"]
[BlackElo "2446"]
[PlyCount "91"]
[EventDate "2007.06.16"]
[EventType "tourn"]
[EventRounds "9"]
[EventCountry "BRA"]
[Source "lmi"]
[SourceDate "2007.06.16"]

1. Nf3 c5 2. e4 d6 3. d4 cxd4 4. Nxd4 Nf6 5. Nc3 a6 6. Bg5 e6 7. Qd2 Nbd7 8. f4
b5 9. a3 Bb7 10. f5 e5 11. Nf3 Be7 12. Bd3 Rc8 13. O-O O-O 14. Rae1 Ng4 15.
Bxe7 Qxe7 16. h3 Ngf6 17. Rf2 Rfd8 18. Qg5 Re8 19. Rfe2 Nb6 20. g4 Nc4 21. Bxc4
Rxc4 22. Nd2 Rcc8 23. Nf3 Qc7 24. Qh4 d5 25. exd5 Nxd5 26. Nxd5 Bxd5 27. Nxe5
f6 28. Nd3 Rxe2 29. Rxe2 Bf3 30. Rd2 Re8 31. Qf2 Bb7 32. Re2 Rxe2 33. Qxe2 Qg3+
34. Kf1 Qxh3+ 35. Ke1 Qg3+ 36. Kd2 Kf8 37. b4 Bd5 38. Qe3 Qh2+ 39. Kc3 Qd6 40.
Nf4 Bc4 41. Qc5 Ke7 42. Qa7+ Kf8 43. Qa8+ Kf7 44. Qb7+ Kf8 45. Qc8+ Kf7 46.
Qb7+ 1/2-1/2